Homi Mody, a many splendoured life; (Record no. 86994)

MARC details
000 -LEADER
fixed length control field 00571nam a2200193 4500
001 - CONTROL NUMBER
control field sa 68016281
003 - CONTROL NUMBER IDENTIFIER
control field DLC
005 - DATE AND TIME OF LATEST TRANSACTION
control field 20260227112653.0
008 - FIXED-LENGTH DATA ELEMENTS--GENERAL INFORMATION
fixed length control field 700625s1968 ii ac 00110beng
010 ## - LIBRARY OF CONGRESS CONTROL NUMBER
LC control number sa 68016281
025 ## - OVERSEAS ACQUISITION NUMBER
Overseas acquisition number PL480:I-E-10682
050 0# - LIBRARY OF CONGRESS CALL NUMBER
Classification number DS481.M57
Item number M3
100 10 - MAIN ENTRY--PERSONAL NAME
Personal name Mankekar, D. R.
245 1# - TITLE STATEMENT
Title Homi Mody, a many splendoured life;
Remainder of title a political biography,
Statement of responsibility, etc. by D. R. Mankekar.
260 0# - PUBLICATION, DISTRIBUTION, ETC.
Place of publication, distribution, etc. Bombay,
Name of publisher, distributor, etc. Popular Prakashan
Date of publication, distribution, etc. [1968]
300 ## - PHYSICAL DESCRIPTION
Extent 255 p.
Other physical details illus., ports.
Dimensions 22 cm.
350 ## - PRICE (NR) (BK AM CF MU VM SE) [OBSOLETE]
Price 25.00
600 10 - SUBJECT ADDED ENTRY--PERSONAL NAME
Personal name Mody, Hormasji Peroshaw,
Titles and other words associated with a name Sir,
Dates associated with a name 1881-

No items available.

Powered by Koha